000 01477cam a2200157 4500500
005 20260329012330.0
041 _afre
042 _adc
100 1 0 _aSibony, Judith
_eauthor
245 0 0 _aLe Renard et La Fontaine : autoportrait
260 _c2024.
500 _a89
520 _aLe rap est la deuxième musique la plus écoutée dans le monde. Cela seul justifierait d’aller y voir de près. Ce succès ne va pas de soi, si l’on considère que le rap s’avance sous le signe de la transgression des codes officiels et des valeurs mainstream. Il correspond à une rupture générationnelle qui n’est pas sans rappeler celle qu’a représentée le rock’n’roll dans les années cinquante et soixante. Le rap divise les familles comme le rock en son temps. Le phénomène est d’autant plus remarquable que le rock représentait l’appropriation-exploitation d’un genre musical minoritaire, le blues développé par la minorité noire, par le courant majoritaire représenté par la majorité blanche. Le rap, à l’opposé, est l’emblème revendiqué d’une culture minoritaire qui s’impose à la majorité. Rencontre avec l’historienne et essayiste Bénédicte Delorme-Montini, auteure de La Gloire du rap. Les derniers seront les premiers ().
786 0 _nRevue des deux Mondes | Octobre | 7 | 2024-10-01 | p. 113-118 | 2266-4734
856 4 1 _uhttps://shs.cairn.info/revue-revue-des-deux-mondes-2024-7-page-113?lang=fr&redirect-ssocas=7080
999 _c1870055
_d1870055